InterCities der Schweiz - Statistiken

Allgemein
  • Dieses Quiz wurde 55 mal gespielt
  • Das Durchschnittsergebnis liegt bei 80 aus 91
Antwortstatistiken
Linie Bahnhof % Korrekt
IC3 Basel SBB
100%
IC6 Basel SBB
100%
IC21 Basel SBB
100%
IC51 Basel SBB
100%
IC61 Basel SBB
100%
Bern
100%
Bern
100%
Bern
100%
Bern
100%
Bern
100%
Genève/Genf
100%
Lausanne
100%
Lausanne
100%
Fribourg/Freiburg
97%
Winterthur
97%
Winterthur
97%
Winterthur
97%
Winterthur
97%
Biel/Bienne
94%
Biel/Bienne
94%
Lugano
94%
Lugano
94%
Luzern
94%
IC1 St.Gallen
94%
St.Gallen
94%
Zürich HB
94%
IC2 Zürich HB
94%
Zürich HB
94%
Zürich HB
94%
Zürich HB
94%
Zürich HB
94%
Bellinzona
92%
Bellinzona
92%
Chur
92%
Thun
92%
Thun
92%
Thun
92%
Thun
92%
Zürich Flughafen
92%
Zürich Flughafen
92%
Zürich Flughafen
92%
Aarau
89%
Frauenfeld
86%
Frauenfeld
86%
Genève Aèroport/Genf Flughafen
86%
Neuchâtel/Neuenburg
86%
Olten
86%
Olten
86%
Olten
86%
Olten
86%
IC8 Romanshorn
86%
IC81 Romanshorn
86%
Solothurn
86%
Zürich Oerlikon
86%
Arth-Goldau
83%
Arth-Goldau
83%
Sargans
83%
Spiez
83%
Spiez
83%
Spiez
83%
Spiez
83%
Wil SG
83%
Yverdon-les-Bain
83%
Zug
83%
Brig
81%
Brig
81%
Liestal
81%
Liestal
81%
Visp
81%
Visp
81%
Weinfelden
81%
Weinfelden
81%
Amriswil
78%
Amriswil
78%
Delémont/Delsberg
78%
Flawil
78%
Gossau SG
78%
Grenchen Süd
78%
Interlaken Ost
78%
Interlaken Ost
78%
Interlaken West
78%
Interlaken West
78%
Landquart
78%
IC5 Rorschach
78%
Uzwil
78%
Renens VD
75%
Renens VD
75%
Grenchen Nord
69%
Oensingen
69%
Moutier
67%
Laufen
64%
Keine übereinstimmenden Quizze gefunden
Verteilung der Resultate
Anzahl Personen mit jedem Resultat
Perzentil nach korrekt beantworteten Fragen
Ihre Resultats-Entwicklung
Sie haben dieses Quiz noch nicht gespielt